000 01667cam a2200409 i 4500
001 EDZ0000052709
003 StDuBDS
005 20161031105210.0
006 m||||||||d||||||||
007 cr |||||||||||
008 111202s2012 caua fo| 001|0|eng|d
020 _a9781452218380 (ebook) :
_cNo price
040 _aStDuBDS
_beng
_cStDuBDS
_erda
_epn
049 _aAlfaisal Main Library
050 4 _aHD7287
082 0 4 _a363.503
_223
245 0 4 _aThe encyclopedia of housing.
250 _aSecond edition /
_bAndrew T. Carswell, editor.
264 1 _aLos Angeles :
_bSAGE,
_c2012.
300 _a1 online resource (xxxii, 872 pages) :
_billustrations (black and white)
336 _atext
_2rdacontent
336 _astill image
_2rdacontent
337 _acomputer
_2rdamedia
338 _aonline resource
_2rdacarrier
504 _aIncludes bibliographical references and index.
520 8 _aSince publication of the 'Encyclopedia of Housing' in 1998, many issues have assumed special prominence within this field and, indeed, within the global economy, global meltdown spurred by the subprime mortgage crisis to name but one. This second edition offers significant updating and expansion.
521 _aSpecialized.
588 _aDescription based on print version record.
650 0 _aHousing
_vEncyclopedias.
650 0 _aHousing
_zUnited States
_vEncyclopedias.
655 7 _aElectronic books.
_2local
700 1 _aCarswell, Andrew T.,
_eeditor.
710 2 _aSage eBooks
776 0 8 _iPrint version :
_z9781412989572
856 4 0 _uhttp://ezproxy.alfaisal.edu/login?url=http://sk.sagepub.com/reference/housing2ed
942 _2lcc
_cEBOOKS
999 _c481503
_d481503